[Event "Moscow op-B (Women) 13th"]
[Site "Moscow"]
[Date "2017.01.31"]
[Round "4"]
[White "Chemborisova, Elina"]
[Black "Smirnova, Anastasia"]
[Result "0-1"]
[WhiteElo "1834"]
[BlackElo "2111"]
[PlyCount "102"]
[EventDate "2017.01.28"]
[EventType "swiss"]
[EventRounds "9"]
[EventCountry "RUS"]
[SourceTitle "EXT 2018"]
[Source "ChessBase"]
[SourceDate "2017.10.13"]
[SourceVersion "1"]
[SourceVersionDate "2017.10.13"]
[SourceQuality "1"]

1. e4 e5 2. Nf3 Nc6 3. Bb5 Nf6 4. 0-0 d6 5. Re1 Be7 6. d4 exd4 7. Nxd4 Bd7 8. Nc3 0-0 9. Bxc6 bxc6 10. Qf3 Re8 11. e5 dxe5 12. Nxc6 Bxc6 13. Qxc6 Rb8 14. Rd1 Qc8 15. b3 Qf5 16. Na4 Bd6 17. Be3 e4 18. Bxa7 Rbd8 19. Nc3 Qe5 20. g3 Qh5 21. Kg2 Qf3+ 22. Kg1 Be5 23. Be3 Rxd1+ 24. Rxd1 Bxc3 25. Rd3 Qe2 26. Rxc3 Rd8 27. Kg2 Qf3+ 28. Kh3 h6 29. Bf4 Qg4+ 30. Kg2 Rd1 31. Qxc7 Kh7 32. Qc4 Ra1 33. Be5 Qd1 34. Bxf6 Qg1+ 35. Kh3 Qxf2 36. Qxe4+ g6 37. Rc7 Qf1+ 38. Kh4 Qxf6+ 39. Kh3 Qf1+ 40. Qg2 Qf5+ 41. g4 Qf6 42. Rc6 Qf4 43. Rc4 Qf6 44. Rc6 Qf4 45. a4 Rd1 46. Rc4 Qf6 47. Qe2 Rd2 48. Qe1 Qf3+ 49. Qg3 Qf1+ 50. Kh4 g5+ 51. Kh5 Qf6 0-1

[Event "Ufa July"]
[Site "Ufa"]
[Date "2016.07.14"]
[Round "2"]
[White "Chemborisova, Elina"]
[Black "Valeev, Ilnur"]
[Result "1/2-1/2"]
[WhiteElo "1543"]
[BlackElo "1772"]
[PlyCount "113"]
[EventDate "2016.07.13"]
[EventType "tourn"]
[EventRounds "7"]
[EventCountry "RUS"]
[SourceTitle "EXT 2018"]
[Source "ChessBase"]
[SourceDate "2017.10.13"]
[SourceVersion "1"]
[SourceVersionDate "2017.10.13"]
[SourceQuality "1"]

1. e4 d6 2. d4 Nf6 3. Nc3 g6 4. Nf3 Bg7 5. Bc4 0-0 6. 0-0 Nc6 7. Re1 e5 8. dxe5 Nxe5 9. Nxe5 dxe5 10. h3 Qe7 11. Qe2 c6 12. a4 Be6 13. b3 Qb4 14. Na2 Bxc4 15. Nxb4 Bxe2 16. Rxe2 Rad8 17. Bb2 Rfe8 18. Nd3 Nd7 19. f3 f6 20. Ree1 Nf8 21. Rad1 Ne6 22. c3 Kf7 23. Ba3 Bf8 24. Bxf8 Kxf8 25. Nb2 Ke7 26. Kf2 Nf4 27. h4 h5 28. g3 Ne6 29. Ke2 b6 30. Ke3 Nc7 31. Nc4 Ke6 32. Kf2 b5 33. Na5 bxa4 34. bxa4 Rxd1 35. Rxd1 Rb8 36. Ke3 Rb6 37. Nc4 Ra6 38. a5 Nb5 39. Rd3 c5 40. Rd5 Rc6 41. Kd3 Ke7 42. Kc2 Nc7 43. Rd1 Ne8 44. Kb3 Nd6 45. Nxd6 Rxd6 46. Rxd6 Kxd6 47. c4 Ke6 48. Kc3 g5 49. Kd3 Kd6 50. Kc3 Kc7 51. Kb3 Kb7 52. Ka3 Kc6 53. Kb3 Kb7 54. Ka3 Kc8 55. Kb3 Kd7 56. Kc3 Ke6 57. Kd3 1/2-1/2

[Event "Tuimazy RB-ch Girls 02/03"]
[Site "Tuimazy"]
[Date "2015.08.18"]
[Round "4"]
[White "Chemborisova, Elina"]
[Black "Zagrebina, Karina"]
[Result "1-0"]
[WhiteElo "1760"]
[BlackElo "1455"]
[PlyCount "55"]
[EventDate "2015.08.18"]
[EventType "tourn"]
[EventRounds "6"]
[EventCountry "RUS"]
[SourceTitle "EXT 2022"]
[Source "ChessBase"]
[SourceDate "2021.10.06"]
[SourceVersion "1"]
[SourceVersionDate "2021.10.06"]
[SourceQuality "1"]

1. e4 e5 2. Nf3 Nc6 3. Bc4 Bc5 4. c3 Nf6 5. d4 exd4 6. cxd4 Bb4+ 7. Nc3 Nxe4 8. 0-0 Bxc3 9. d5 Bf6 10. Re1 Ne7 11. Rxe4 d6 12. Bg5 Bxg5 13. Nxg5 a6 14. Qe2 Bf5 15. Re3 Kf8 16. Re1 Ng6 17. Nf3 Bd7 18. Nd4 h6 19. Ne6+ Bxe6 20. dxe6 d5 21. exf7 Kxf7 22. Rf3+ Kg8 23. Qe6+ Kh7 24. Bd3 Qe8 25. Rg3 Qxe6 26. Rxe6 Rhg8 27. Rexg6 Kh8 28. Rxg7 1-0